Radioastronomía / (Record no. 87102)

MARC details
000 -LEADER
campo de control de longitud fija 00879nam a2200289 i 4500
001 - NÚMERO DE CONTROL
campo de control 87102
003 - IDENTIFICADOR DE NÚMERO DE CONTROL
campo de control ES-MaACL
005 - FECHA Y HORA DE LA ÚLTIMA TRANSACCIÓN
campo de control 20250901080520.0
007 - CAMPO FIJO DE DESCRIPCIÓN FÍSICA--INFORMACIÓN GENERAL
campo de control de longitud fija t|
008 - DATOS DE LONGITUD FIJA--INFORMACIÓN GENERAL
campo de control de longitud fija 041220s1969 sp ||||1| spa d
100 1# - ENTRADA PRINCIPAL--NOMBRE DE PERSONA
Nombre de persona Kotelnikov, V.
9 (RLIN) 68654
245 10 - MENCIÓN DEL TÍTULO
Título Radioastronomía /
Mención de responsabilidad, etc. por V. Kotelnikov . Rayos cósmicos / por S.N. Vernov . Astrofísica / por V.A. Ambartsumian.
260 ## - PUBLICACIÓN, DISTRIBUCIÓN, ETC.
Lugar de publicación, distribución, etc. Madrid :
Nombre del editor, distribuidor, etc. Atika,
Fecha de publicación, distribución, etc. 1969.
300 ## - DESCRIPCIÓN FÍSICA
Extensión 54 p. ;
Dimensiones 28 cm.
490 1# - MENCIÓN DE SERIE
Mención de serie La Nueva ciencia
650 #7 - PUNTO DE ACCESO ADICIONAL DE MATERIA--TÉRMINO DE MATERIA
Término de materia o nombre geográfico como elemento de entrada Radioastronomía
Fuente del encabezamiento o término embne
9 (RLIN) 165306
650 #4 - PUNTO DE ACCESO ADICIONAL DE MATERIA--TÉRMINO DE MATERIA
Término de materia o nombre geográfico como elemento de entrada Rayos cósmicos.
9 (RLIN) 165307
650 #4 - PUNTO DE ACCESO ADICIONAL DE MATERIA--TÉRMINO DE MATERIA
Término de materia o nombre geográfico como elemento de entrada Astrofísica.
9 (RLIN) 135646
700 1# - ENTRADA AGREGADA--NOMBRE PERSONAL
Nombre de persona Kuzmin, A.
9 (RLIN) 69093
700 1# - ENTRADA AGREGADA--NOMBRE PERSONAL
Nombre de persona Vernov, S. N.
9 (RLIN) 114189
700 1# - ENTRADA AGREGADA--NOMBRE PERSONAL
Nombre de persona Ambartsumian, V. A.
9 (RLIN) 21162
740 02 - ENTRADA AGREGADA--TÍTULO RELACIONADO/ANALÍTICO NO CONTROLADO
Título relacionado o analítico no controlado Rayos cósmicos.
740 02 - ENTRADA AGREGADA--TÍTULO RELACIONADO/ANALÍTICO NO CONTROLADO
Título relacionado o analítico no controlado Astrofísica.
830 0# - PUNTO DE ACCESO ADICIONAL DE SERIE-TÍTULO UNIFORME
Título uniforme La Nueva ciencia
9 (RLIN) 184025
852 ## - LOCALIZACIÓN
Ubicación ES-MaACL
Número de control de estantería C-36361
Holdings
Estatus retirado Estado de pérdida Estado de daño No para préstamo Biblioteca de origen Biblioteca actual Ubicación en estantería Fecha de adquisición Fuente de adquisición Total de préstamos Signatura topográfica completa Código de barras Visto por última vez Precio de reemplazo Tipo de ítem Koha
        Biblioteca del Ateneo de Madrid Biblioteca del Ateneo de Madrid Depósito 2 17/01/2008     C-36361 1091007 23/02/2023 23/02/2023 Libro impreso